000 00474nam a2200181Ia 4500
001 18514
005 20260306171636.0
008 260306s9999||||xx |||||||||||||| ||und||
041 _aESP
082 _a658.406
_bS33
100 _aSeclen Luna, Jean Pierre,
_eAUT
245 0 _aGestión de la innovación empresarial. Conceptos, modelos y sistemas
260 _c2019
300 _a222 páginas :
_c21 cm.
650 _aGEN
654 _aCAN
942 _cLIB
_dJUS
_fJUS
_2ddc
_n
999 _c18514
_d18514